The people of Tennessee.

Bibliographic Details
Main Author: Knox, John Ballenger
Corporate Author: Tennessee. University. Bureau of Sociological Research
Format: Book
Language:English
Published: [Place of publication not identified] : University of Tennessee Press, 1949.
Subjects:

MARC

Tag First Indicator Second Indicator Subfields
LEADER 00000cam a2200000 4500
001 in00000057368
005 20151007082055.0
008 711111s1949 eng u
010 |a  49048571  
035 |a (OCoLC)00170664 
035 |9 AAF7328AM 
040 |c WSU  |d TXA  |d UtOrBLW 
049 |a TXAM  |c [174997] 
090 |a HB3525.T2  |b K5 
092 |a 312  |b K74p 
100 1 |a Knox, John Ballenger. 
245 1 4 |a The people of Tennessee. 
264 1 |a [Place of publication not identified] :  |b University of Tennessee Press,  |c 1949. 
300 |a 191 pages 
336 |a text  |b txt  |2 rdacontent 
337 |a unmediated  |b n  |2 rdamedia 
338 |a volume  |b nc  |2 rdacarrier 
504 |a Bibliography: pages [178]-187. 
651 0 |a Tennessee  |x Population. 
710 1 |a Tennessee.  |b University.  |b Bureau of Sociological Research. 
999 |a MARS 
999 f f |s 4aa2a24c-ec73-3e8e-a04d-c4fdbc8b0bf7  |i f6890be5-e1f0-3a99-a55e-4d4cfe15cc8d  |t 0 
952 f f |p ric  |a Texas A&M University  |b Rellis Campus  |c Joint Library Facility  |d Remote Storage  |t 0  |e HB3525.T2 K5  |h Library of Congress classification  |i unmediated -- volume  |m A14800654563 
998 f f |a HB3525.T2 K5  |t 0  |l Remote Storage